000 00292nam a22001097a 4500
005 20241022155547.0
008 241022b |||||||| |||| 00| 0 eng d
100 _aJha UC
_d2011
245 _aINTERNATIONAL HUMANITARIAN LAW
_bTHE LAWS OF WAR
300 _axiii, 425 pages
_bindex
942 _2lcc
_cBK
_n0
999 _c114
_d114